| 000 | 00974nam a22002417a 4500 | ||
|---|---|---|---|
| 999 |
_c19081 _d19081 |
||
| 003 | AR-CdUCM | ||
| 008 | 190516b ||||| |||| 00| 0 spa d | ||
| 040 |
_aMUNICIPALIDAD PROVINCIAL DEL CUSCO _cBIBLIOTECA MUNICIPAL DEL CUSCO |
||
| 082 |
_22ed. _a746.14 / _bP87 |
||
| 100 |
_aProchaska, Rita _940186 |
||
| 245 | _aTaquile y sus tejidos / | ||
| 260 |
_aLima : _bArius, _c1990. |
||
| 300 |
_a127 páginas ; _bláminas, ilustraciones, mapas, _c21 cm. |
||
| 500 | _aTexto en Español y Ingles. | ||
| 505 | _aContenido: La comunidad de Taquile -- Breve etnohistoria de tejidos en el Perú -- Tecnología textil -- El paso por la vida a través del arte de tejer -- Mensajes de la naturaleza y simbología en los tejidos . | ||
| 650 |
_aTejidos _940187 |
||
| 650 |
_aPerú _935 |
||
| 650 |
_aIsla Taquile - Puno _940188 |
||
| 650 |
_aArtesanías textiles _940189 |
||
| 700 |
_aCalderón, Alberto (ilustraciones) _940190 |
||
| 942 |
_2ddc _cLIBROS |
||
| 945 |
_aachl _d2019-05-16 |
||